000 00329nam a2200157Ia 4500
100 _aOsho
650 _aPhilosophy
942 _cBK
366 _f17.5
654 _aosho
245 _aIntution:Knowing beyond logic
260 _bSt.Martins Griffins
_c2001
082 _a153.44/OSH
_bOSH
300 _a194
546 _aENGLISH
999 _c33161
_d33161